Správa o výsledkoch prieskumu o úrovni politologických znalostí študentov 3. ročníka NHF
Na minha lista:
| Autor principal: | |
|---|---|
| Outros Autores: | |
| Formato: | Livro |
| Idioma: | eslovaco |
| Publicado em: |
Bratislava
EU
1992
|
| Edição: | 1. vyd. |
| Assuntos: | |
| Tags: |
Sem tags, seja o primeiro a adicionar uma tag!
|
MARC
| LEADER | 00000nam a2200000 4500 | ||
|---|---|---|---|
| 001 | c003415 | ||
| 005 | 20221214090619.9 | ||
| 041 | 0 | |a slo | |
| 044 | |a SK | ||
| 245 | 1 | 0 | |a Správa o výsledkoch prieskumu o úrovni politologických znalostí študentov 3. ročníka NHF |c Viera Koganová, Ľudovít Lupták |
| 250 | |a 1. vyd. | ||
| 264 | 1 | |a Bratislava |b EU |c 1992 | |
| 300 | |a 16,9 s. | ||
| 610 | 2 | 0 | |a vyučovanie |
| 610 | 2 | 0 | |a študenti |
| 610 | 2 | 0 | |a učitelia |
| 610 | 2 | 0 | |a politológia |
| 610 | 2 | 0 | |a Ekonomická univerzita v Bratislave |
| 100 | 1 | |a Koganová, Viera | |
| 700 | 1 | |a Lupták, Ľudovít | |